Curso superior de español : ejercicios, notas gramaticales, textos, clave de los ejercicios y vocabulario /

Obra para el estudio del español en que se explican las principales categorías gramaticales y se sugieren ejercicios para su mejor comprensión. Incluye prácticas de vocabulario con sinónimos, verbos que se prestan a confusión, modismos y frases hechas, así como en ejemplos de la vida cotidiana; tamb...

Popoln opis

Shranjeno v:
Bibliografske podrobnosti
Glavni avtor: Moreno García, Concha (autor)
Format: Knjiga
Jezik:španščina
Izdano: Madrid, España : Sociedad General Española de Librería, 1991, c1991
Izdaja:10a edición
Serija:(El Estudio del Español)
Teme:
Oznake: Označite
Brez oznak, prvi označite!

MARC

LEADER 00000nam^a2200000^a^4500
001 000184726
005 20250521000000.0
009 20260310102126.732
020 |a 84-7143-459-8 
037 |a Acervo ITESO - Biblioteca 
041 |a ESP 
082 |a 465.  |b MOR 
100 |a Moreno García, Concha  |e (autor) 
245 1 0 |a Curso superior de español :  |b ejercicios, notas gramaticales, textos, clave de los ejercicios y vocabulario /  |c C. Moreno García. 
250 |a 10a edición 
264 4 |a Madrid, España :  |b Sociedad General Española de Librería,  |c 1991, c1991 
300 |a 275 p. 
336 |a texto  |b txt  |2 rdacontenido 
337 |a sin mediación  |b n  |2 rdamedio 
338 |a volumen  |b nc  |2 rdasoporte 
440 4 |a (El Estudio del Español) 
520 |a Obra para el estudio del español en que se explican las principales categorías gramaticales y se sugieren ejercicios para su mejor comprensión. Incluye prácticas de vocabulario con sinónimos, verbos que se prestan a confusión, modismos y frases hechas, así como en ejemplos de la vida cotidiana; también contiene ejercicios para ir repasando los temas explicados con anterioridad y textos para completar, leer y para hacer más ejercicios gramaticales. 
649 |a XX 
650 |a Sintaxis 
650 |a Gramática 
650 |a Español -  |x Términos y Frases 
650 |a Español -  |x Estudio y Enseñanza 
650 |a Lenguas Romances 
650 |a Lenguas Itálicas 
650 |a Lenguas Indo-Europeas 
650 |a Lenguas 
650 |a Lingüística 
910 |a Fondo General 
920 |a Impresos - Libros 
930 |a Colección General 
905 |a 101 
901 |a 0500125973  |b IT1  |c ACC  |u 20250521 
902 |a https://opac.biblio.iteso.mx/vufind/Record/000184726